000 00661nam a2200241Ia 4500
003 GCL
008 140319s9999 xx 000 0 eng d
020 _a1857150031
040 _aGCL /
_cGCL
082 0 4 _a863
_bC D
100 1 _aCERVANTES, MIGUEL DE
245 1 0 _aDON QUIXOTE /
_cCERVANTES, MIGUEL DE
700 1 _aMOTTEUX, P.A
700 1 _aCLOSE, A.J
260 _aانجلترا :
_bEVERYMAN'S LIBRARY ،
_c1991
300 _a21 CM ؛
_cXLIII, 549 P
490 _aTHE MILLENNIUM LIBRARY
_v3
650 0 4 _aLITERATURE
650 0 4 _aSPANISH LITERATURE
650 0 4 _aSPANISH FICTION
650 0 4 _aSPANISH LITERATURE - TRANSLATION
942 _2ddc
_cBK
999 _c5650
_d5650